000 00343nam a2200145Ia 4500
008 230917s9999||||xx |||||||||||||| ||und||
040 _e101859
_aMAIN
041 _aEnglish
082 _a300.72 B469R
100 _aBhattacharyya, D K
245 0 _aResearch methology
260 _aNew Delhi
_bExcel
_c2003
300 _a364 p.
942 _cBK
999 _c121719
_d121719